000 00363nam a2200133Ia 4500
005 20260328101514.0
008 260328s9999||||xx |||||||||||||| ||und||
100 _aReas, Casey
245 0 _aForm+code :
_b In Design, Art, and Architecture /
_cCasey Reas
260 _bPrinceton Architectural Press
300 _a176 p.
650 _aDISEÑO INDUSTRIAL
942 _cBK
999 _c9313
_d9313